000 00537nam a2200205 a 4500
003 AR-BaBNM
005 20251128203628.0
008 082120s2002 ||||||||||||||000 | spa||
040 _cAR-BaBNM
100 1 _aPinto, Juan
245 0 0 _aDiccionario de la República Argentina
_bhistórico-geográfico-biográfico-literario
260 _aBuenos Aires
_bMundo Atlántico
_c1950
300 _a753 p.
650 4 _aDICCIONARIOS
650 4 _aBIOGRAFIAS
651 4 _aArgentina
655 _aREFERENCIA
942 _cBK
998 _cCarmen
999 _c4219
_d4219